Trade blocs and common markets

Збережено в:
Бібліографічні деталі
Автор: Dell, Sidney (Автор)
Формат: Книга
Мова:Англійська
Опубліковано: Nueva York Alfred A. Knopf 1963
Предмети:
Теги: Додати тег
Немає тегів, Будьте першим, хто поставить тег для цього запису!

MARC

LEADER 00000nam a2200000 a 4500
001 UCR7769
003 CL-VaPUC
008 980519e19630000US |||||||||||||||||eng|d
082 0 4 |a 337.1  |b DEL  |2 21 
100 0 |a Dell, Sidney  |e author  |9 409198 
245 1 0 |a Trade blocs and common markets 
300 |a 384 p 
942 |c BK 
945 |d 19980519 00:00:00  |a crobeson 
260 |a Nueva York  |b Alfred A. Knopf  |c 1963 
650 0 |a Mercado común   |9 378790 
650 0 |a Economía internacional  |9 258254 
650 0 |a Integración económica  |9 255024 
650 0 |a Economía   |9 255568 
583 |a last modification  |c 19980519 00:00:00  |k Rodrigo Vera 
999 |c 269353  |d 269351